| 000 | 00684nam a22002177a 4500 | ||
|---|---|---|---|
| 003 | koha_MIRAKIL | ||
| 005 | 20241107142933.0 | ||
| 008 | 241107b tur||||| |||| 00| 0 tur d | ||
| 020 | _a9786256999053 | ||
| 040 |
_aTR-IsEVY _btur _cTR-IsEVY |
||
| 041 | _atur | ||
| 082 |
_aFIC _bERT/S |
||
| 100 | _aErtuğrul, Aykut | ||
| 245 | 0 |
_aSon oyuncak mağarası / _cAykut Ertuğrul ; resimleyen Nadia Romero Marchesini. |
|
| 260 |
_aİstanbul : _bKetebe Yayınları, _c2023. |
||
| 300 |
_a107 s. : _brenkli resim ; _c21 cm. |
||
| 490 | 0 |
_aKetebe Çocuk ; _v70. |
|
| 650 |
_aÇocuk Edebiyatı . _vÇocuk Romanı. |
||
| 700 | 1 |
_aMarchesini, Nadia Romero. _cresimleyen. |
|
| 942 |
_2ddc _cBK |
||
| 999 |
_c21045 _d21045 |
||